000 00639nam a22001937a 4500
005 20251108164941.0
008 250721s1995 xx 000 0 ara d
082 1 4 _a657.01/دهم
100 1 _aدهمش، نعيم
245 1 0 _aمبادئ المحاسبة :
_bالأصول العلمية و العملية /
250 _aط2.
264 1 _aعمان :
_bالدار الوطنية للترجمة و الطباعة و النشر و التوزيع،
_c1995.
300 _a342ص
650 1 7 _aالمحاسبة
700 1 _aأبو نصار، محمد
700 1 _aالخلايلة، محمود
942 _2ddc
_cBK
999 _c18199
_d18199